LIBRARY & INFORMATION CENTRE, KCAET, TAVANUR

ONLINE PUBLIC ACCESS CATALOGUE (OPAC)

Disasters : strengthening community mitigation & preparedness (Record no. 15573)

MARC details
000 -LEADER
fixed length control field 00386nam a22001457a 4500
003 - CONTROL NUMBER IDENTIFIER
control field OSt
008 - FIXED-LENGTH DATA ELEMENTS--GENERAL INFORMATION
fixed length control field 190516b ||||| |||| 00| 0 eng d
020 ## - INTERNATIONAL STANDARD BOOK NUMBER
ISBN 9789380235455
082 ## - DEWEY DECIMAL CLASSIFICATION NUMBER
Classification number 363.340954
Item number KHA/DI
100 ## - MAIN ENTRY--AUTHOR NAME
Personal name Khanna, B K
245 ## - TITLE STATEMENT
Title Disasters : strengthening community mitigation & preparedness
260 ## - PUBLICATION, DISTRIBUTION, ETC. (IMPRINT)
Place of publication New Delhi
Name of publisher New india
Year of publication 2011
300 ## - PHYSICAL DESCRIPTION
Number of Pages 283 p.
942 ## - ADDED ENTRY ELEMENTS (KOHA)
Koha item type Books
Holdings
Withdrawn status Lost status Damaged status Collection code Home library Current library Shelving location Date acquired Cost, normal purchase price Full call number Accession Number Koha item type Source of acquisition
      Non-fiction KAUAET KAUAET General Stacks 16/05/2019 1560.00 363.340954 KHA/DI 25791 Books  
      General Books KAUAET KAUAET Scheme 27/07/2020 1560.00 363.340954 KHA/DI BB 578 Book Bank scheme for SC students Aman Book stall
free website counter